Usta puna zemlje
| Main Author: | |
|---|---|
| Format: | Book |
| Language: | Undetermined |
| PhysicalDescription: | 86 s. |
MARC
| LEADER | 00000nam a2200000 a 4500 | ||
|---|---|---|---|
| 001 | vtls001390508 | ||
| 003 | SK-MaSNL | ||
| 005 | 20260302034610.0 | ||
| 008 | 240315suuuu xx 0 und | ||
| 035 | |a SNK000344778 | ||
| 040 | |a SNK |b slo |c SNK |e AACR2 | ||
| 100 | 1 | |a Štepanovič, Branimír |4 aut |9 686376 | |
| 245 | 1 | |a Usta puna zemlje | |
| 300 | |a 86 s. | ||
| 999 | |c 1067021 |d 1068951 | ||
| 952 | |t P60, <04>, [BOOK], {604} |a SNK |b SNK |y VYP |7 0 |p 17A0241345 |o snkIC 61487 |0 0 |1 0 |4 0 |d 2000-06-07 |l 0 |r 2005-01-02 00:00:00 |w 2026-02-24 | ||


